[Event "Joao Pessoa de Assis Memorial 2nd"]
[Site "Joao Pessoa"]
[Date "2022.10.22"]
[Round "3"]
[White "De Souza, Raimunda Claudia Re"]
[Black "De Mesquita, Igor Ming"]
[Result "0-1"]
[WhiteElo "1673"]
[BlackElo "1777"]
[PlyCount "76"]
[EventDate "2022.10.21"]
[EventType "swiss"]
[EventRounds "6"]
[EventCountry "BRA"]
[SourceTitle "CBM 210 Extra"]
[Source "ChessBase"]
[SourceDate "2022.11.30"]
[SourceVersion "1"]
[SourceVersionDate "2022.11.30"]
[SourceQuality "1"]

1. e4 c5 2. Nf3 d6 3. d4 cxd4 4. Nxd4 Nf6 5. Nc3 a6 6. Be2 e6 7. 0-0 Be7 8. Re1 0-0 9. Bd3 Nbd7 10. Nf3 Nc5 11. b3 Qc7 12. Bb2 Rd8 13. e5 Nxd3 14. cxd3 dxe5 15. Nxe5 Bd6 16. Nf3 b5 17. Rc1 Qb6 18. h3 Bb7 19. Ng5 h6 20. Nge4 Be7 21. Qf3 Nh7 22. Qg3 Bf8 23. Ne2 Bxe4 24. dxe4 Rd2 25. Qc3 Rad8 26. Rb1 Ng5 27. Qc1 Nxe4 28. Bd4 R8xd4 29. Nxd4 Qxd4 30. Re3 Nxf2 31. Qc3 Bc5 32. Qxd4 Bxd4 33. Rf3 Nxh3+ 34. Kh2 Ng5 35. Rff1 Rxa2 36. Rbc1 b4 37. Rb1 Ne4 38. Rfe1 Nd2 0-1